BIBLIOTECA

SENCICO

GNSS. GPS : fundamentos y aplicaciones en Geomática (Registro nro. 555)

Detalles MARC
000 -LEADER
fixed length control field 00839nam a2200289Ia 4500
005 - DATE AND TIME OF LATEST TRANSACTION
control field 20251020182441.0
008 - FIXED-LENGTH DATA ELEMENTS--GENERAL INFORMATION
fixed length control field 200515s9999 xx 000 0 und d
020 ## - INTERNATIONAL STANDARD BOOK NUMBER
International Standard Book Number 978-84-9048-261-2
082 ## - DEWEY DECIMAL CLASSIFICATION NUMBER
Classification number 528.773/B39
100 ## - MAIN ENTRY--PERSONAL NAME
Personal name Anquela Julián, Ana
100 ## - MAIN ENTRY--PERSONAL NAME
Personal name Berné Valero, José Luis
100 ## - MAIN ENTRY--PERSONAL NAME
Personal name Garrido Villén, Natalia
245 #0 - TITLE STATEMENT
Title GNSS. GPS : fundamentos y aplicaciones en Geomática
250 ## - EDITION STATEMENT
Edition statement 1a ed.
260 ## - PUBLICATION, DISTRIBUTION, ETC.
Place of publication, distribution, etc. Valencia
260 ## - PUBLICATION, DISTRIBUTION, ETC.
Name of publisher, distributor, etc. UNIVERSIDAD POLITÉCNICA DE VALENCIA
260 ## - PUBLICATION, DISTRIBUTION, ETC.
Date of publication, distribution, etc. 2014
300 ## - PHYSICAL DESCRIPTION
Extent 441 p.
300 ## - PHYSICAL DESCRIPTION
Other physical details il., tbl., graf.
500 ## - GENERAL NOTE
General note 1 ejemplar
520 ## - SUMMARY, ETC.
Summary, etc. Se explican los fundamentos físicos y matemáticos del posicionamiento con técnicas GNSS (GPS, Glonass, Galileo y Beidou).
650 ## - SUBJECT ADDED ENTRY--TOPICAL TERM
Topical term or geographic name entry element GEOMATICA
650 ## - SUBJECT ADDED ENTRY--TOPICAL TERM
Topical term or geographic name entry element GNSS
650 ## - SUBJECT ADDED ENTRY--TOPICAL TERM
Topical term or geographic name entry element GPS
942 ## - ADDED ENTRY ELEMENTS (KOHA)
Koha item type Libros
Existencias
Fecha de la última vez que lo usaron Pago total Signatura topográfica completa Código de barras Precio efectivo desde Tipo de documento Estado perdido Estado dañado No es para préstamo Retirado Ubicación permanente Ubicación actual Fecha de adquisición
15/05/2020   528.773/B39 Bib-Lima15050555 15/05/2020 Libros         Biblioteca Central Lima Biblioteca Central Lima 15/05/2020